Talleres pedagógicos: alternativas en formación docente para el cambio de la práctica de aula
Uloženo v:
| Hlavní autor: | |
|---|---|
| Médium: | Kniha |
| Jazyk: | španělština |
| Vydáno: |
Santiago
Dolmen Ediciones
1996
|
| Témata: | |
| Tagy: |
Přidat tag
Žádné tagy, Buďte první, kdo vytvoří štítek k tomuto záznamu!
|
MARC
| LEADER | 00000nam a2200000 a 4500 | ||
|---|---|---|---|
| 001 | UCU9152 | ||
| 003 | CL-VaPUC | ||
| 008 | 960809e19960000CL |||||||||||||||||spa|d | ||
| 020 | |a 956201276X | ||
| 082 | 0 | 4 | |a 370.71 |b INO |2 21 |
| 100 | |a Inostroza de Celis, Gloria |e author |9 543397 | ||
| 245 | 1 | 0 | |a Talleres pedagógicos: alternativas en formación docente para el cambio de la práctica de aula |
| 300 | |a 185 p | ||
| 942 | |c BK | ||
| 945 | |d 19960809 00:00:00 |a nastorga | ||
| 260 | |a Santiago |b Dolmen Ediciones |c 1996 | ||
| 650 | 0 | |a Educación |9 258661 | |
| 650 | 0 | |a Talleres educacionales |9 339158 | |
| 650 | 0 | |a Centros de capacitación |9 310707 | |
| 650 | 0 | |a Escuelas de aprendizaje |9 368235 | |
| 650 | 0 | |a Formación profesional de profesores |9 307493 | |
| 583 | |a last modification |c 19960809 00:00:00 |k Rodrigo Vera | ||
| 999 | |c 251028 |d 251026 | ||
| 952 | |0 0 |1 0 |4 0 |6 370_710000000000000_INO_1996 |7 0 |8 A |9 269949 |a BIBEDU |b BIBEDU |c ES_NOD |d 2019-11-19 |i 3219682 |o 370.71 INO 1996 |p 3219682 |r 2023-08-09 |w 2019-11-19 |y BK |k EDU | ||
| 952 | |0 0 |1 0 |4 0 |6 370_710000000000000_INO_1996 |7 0 |8 A |9 269950 |a BIBEDU |b BIBEDU |d 2019-11-19 |i 3292754 |o 370.71 INO 1996 |p 3292754 |r 2019-11-19 |w 2019-11-19 |y BK |k EPE | ||
| 952 | |0 0 |1 0 |4 0 |6 370_710000000000000_INO_1996 |7 0 |8 A |9 269951 |a BIBEDU |b BIBEDU |c ES_NOD |d 2019-11-19 |i 3292762 |o 370.71 INO 1996 |p 3292762 |r 2023-08-09 |w 2019-11-19 |y BK |k EPE | ||
| 952 | |0 0 |1 0 |4 0 |6 370_710000000000000_INO_1996 |7 0 |8 A |9 269952 |a BIBEDU |b BIBEDU |c ES_NOD |d 2019-11-19 |i 3445828 |o 370.71 INO 1996 |p 3445828 |r 2023-08-09 |w 2019-11-19 |y BK |k EDU | ||
| 952 | |0 0 |1 0 |4 0 |6 370_710000000000000_INO_1996 |7 0 |8 A |9 269953 |a BIBEDU |b BIBEDU |c ES_NOD |d 2019-11-19 |i 3707075 |o 370.71 INO 1996 |p 3707075 |r 2023-08-09 |w 2019-11-19 |y BK |k LIT | ||
| 952 | |0 0 |1 0 |4 0 |6 370_710000000000000_INO_1996 |7 0 |8 A |9 269954 |a BIBEDU |b BIBEDU |c ES_NOD |d 2019-11-19 |i 4303865 |o 370.71 INO 1996 |p 4303865 |r 2023-08-09 |w 2019-11-19 |y BK |k EBA | ||